000 00335nam a2200133Ia 4500
008 240624s9999 xx 000 0 und d
041 _aeng
082 _a658.155 VIL
100 _aVILLALONGA BELEN
245 _aFINANCE AND STRATEGY
260 _c2014
_aUnited Kingdom
_bEmerald
300 _axviii, 373 p.; 23 cm.
365 _cBPS
_b30
999 _c30094
_d30094